000 00291nam a22001337a 4500
008 170907b xxu||||| |||| 00| 0 eng d
020 _a9789280810578
041 _aeng
080 _a91
100 _a42
101 _aGJEO
245 _aMANKIND AND THE OCEAN
_cMIYAZAKI,N
942 _2udc
_cBK
999 _c26653
_d26653